Woodroffe & Lowe's consumer law and practice / (Record no. 11228)
[ view plain ]
| 000 -LEADER | |
|---|---|
| fixed length control field | 00967cam a22002532 4500 |
| 001 - CONTROL NUMBER | |
| control field | 0000019395 |
| 005 - DATE AND TIME OF LATEST TRANSACTION | |
| control field | 20151217154430.0 |
| 008 - FIXED-LENGTH DATA ELEMENTS--GENERAL INFORMATION | |
| fixed length control field | 101113s xx 000 0 eng d |
| 020 ## - INTERNATIONAL STANDARD BOOK NUMBER | |
| International Standard Book Number | 0414042407 : |
| 040 ## - CATALOGING SOURCE | |
| Original cataloging agency | KABU |
| Transcribing agency | KABU |
| 100 1# - MAIN ENTRY--PERSONAL NAME | |
| Personal name | Woodroffe, Geoffrey. |
| -- | 0000158668 |
| 245 10 - TITLE STATEMENT | |
| Title | Woodroffe & Lowe's consumer law and practice / |
| Statement of responsibility, etc. | Geoffrey Woodroffe and Robert Lowe. |
| 250 ## - EDITION STATEMENT | |
| Edition statement | 8th ed. |
| 260 ## - PUBLICATION, DISTRIBUTION, ETC. (IMPRINT) | |
| Place of publication, distribution, etc. | London : |
| Name of publisher, distributor, etc. | Sweet & Maxwell, |
| Date of publication, distribution, etc. | 2010. |
| 300 ## - PHYSICAL DESCRIPTION | |
| Extent | xxxiii, 457 p. |
| 650 #0 - SUBJECT ADDED ENTRY--TOPICAL TERM | |
| Topical term or geographic name as entry element | Consumer protection |
| General subdivision | Law and legislation |
| Geographic subdivision | Great Britain. |
| -- | 0000158669 |
| 650 #0 - SUBJECT ADDED ENTRY--TOPICAL TERM | |
| Topical term or geographic name as entry element | Sales |
| Geographic subdivision | Great Britain. |
| -- | 0000158670 |
| 700 1# - ADDED ENTRY--PERSONAL NAME | |
| Personal name | Lowe, Robert. |
| -- | 0000158671 |
| 852 1# - LOCATION | |
| -- | p3640 KES |
| 852 1# - LOCATION | |
| -- | p6190 KES |
| 852 1# - LOCATION | |
| -- | p4797 KES |
| 852 1# - LOCATION | |
| -- | p3640 KES |
| 950 ## - LOCAL HOLDINGS (RLIN) | |
| -- | 1 |
| Withdrawn status | Lost status | Source of classification or shelving scheme | Not for loan | Home library | Current library | Date acquired | Total Checkouts | Total Renewals | Full call number | Barcode | Date last seen | Date last checked out | Price effective from | Koha item type |
|---|---|---|---|---|---|---|---|---|---|---|---|---|---|---|
| Library of Congress Classification | Kabarak, Main Campus | Kabarak, Main Campus | 17/12/2015 | 2 | 1 | KD2204 .W66 2010 c. 1 | 23514 | 11/10/2023 | 11/10/2023 | 17/12/2015 | General Collection | |||
| Library of Congress Classification | Kabarak, Main Campus | Kabarak, Main Campus | 17/12/2015 | KD2204 .W66 2010 c. 4 | 21072 | 17/12/2015 | 17/12/2015 | General Collection | ||||||
| Library of Congress Classification | Kabarak, Main Campus | Kabarak, Main Campus | 17/12/2015 | 3 | 1 | KD2204 .W66 2010 c. 3 | 19889 | 21/02/2023 | 10/02/2023 | 17/12/2015 | General Collection | |||
| Library of Congress Classification | Kabarak, Main Campus | Kabarak, Main Campus | 17/12/2015 | 4 | KD2204 .W66 2010 c. 2 | 23515 | 04/04/2022 | 08/03/2022 | 17/12/2015 | General Collection |